{"text_format":"3","workbook":"xlsx","n_sheets":1,"sheets":["t311"],"read":"whole","date_system":"1900"}

{"sheet":"t311","index":0,"n_rows":165,"n_cols":7,"rows_kept":165,"merged":[[0,0,0,6],[30,0,30,5],[46,0,46,5],[148,0,148,5]]}
["TABELA 311.1 - Estatísticas Agrícolas, Município de Luiz Antônio, Estado de São Paulo, 2007/08."]
["ITEM","UNIDADE","N.DE UPAs","MÍNIMO","MÉDIO","MÁXIMO","TOTAL"]
["Distância à sede do município","km",139,{"v":1,"d":"1.0"},13.8,{"v":43,"d":"43.0"},"-"]
["Área total","hectare",139,0.5,{"v":421.41,"d":"421.4"},{"v":10799.9,"d":"10,799.9"},{"v":58575.93,"d":"58,575.9"}]
["Área com cultura perene","hectare",9,0.4,{"v":300.32,"d":"300.3"},{"v":1748,"d":"1,748.0"},{"v":2702.9,"d":"2,702.9"}]
["Área com cultura temporária","hectare",111,0.8,263.8,{"v":7424,"d":"7,424.0"},{"v":29281.63,"d":"29,281.6"}]
["Área com pastagem","hectare",53,0.3,{"v":53.45,"d":"53.5"},{"v":400,"d":"400.0"},{"v":2832.9,"d":"2,832.9"}]
["Área com reflorestamento","hectare",12,0.7,{"v":415.56,"d":"415.6"},{"v":1799.2,"d":"1,799.2"},{"v":4986.7,"d":"4,986.7"}]
["Área com vegetação natural","hectare",76,0.3,{"v":200,"d":"200.0"},{"v":8524.9,"d":"8,524.9"},{"v":15199.8,"d":"15,199.8"}]
["Área com vegetação de brejo e várzea","hectare",14,0.2,{"v":42.39,"d":"42.4"},132.6,593.4]
["Área em descanso","hectare",20,0.5,{"v":48.52,"d":"48.5"},{"v":478,"d":"478.0"},970.4]
["Área complementar","hectare",116,0.1,{"v":17.31,"d":"17.3"},475.8,{"v":2008.2,"d":"2,008.2"}]
["Área das UPAs com (0, 1] ha","hectare",2,0.5,{"v":0.75,"d":"0.8"},{"v":1,"d":"1.0"},1.5]
["Área das UPAs com (1, 2] ha","hectare",6,1.6,{"v":1.93,"d":"1.9"},{"v":2,"d":"2.0"},11.6]
["Área das UPAs com (2, 5] ha","hectare",8,2.4,{"v":3.39,"d":"3.4"},4.8,27.1]
["Área das UPAs com (5, 10] ha","hectare",8,5.2,{"v":7.25,"d":"7.3"},9.1,{"v":58,"d":"58.0"}]
["Área das UPAs com (10, 20] ha","hectare",7,10.9,{"v":14.33,"d":"14.3"},19.3,100.3]
["Área das UPAs com (20, 50] ha","hectare",21,20.5,{"v":33.31,"d":"33.3"},48.4,699.5]
["Área das UPAs com (50, 100] ha","hectare",15,55.4,{"v":67.79,"d":"67.8"},99.3,{"v":1016.9,"d":"1,016.9"}]
["Área das UPAs com (100, 200] ha","hectare",21,100.4,135.3,185.3,{"v":2841.23,"d":"2,841.2"}]
["Área das UPAs com (200, 500] ha","hectare",30,208.1,{"v":312.95,"d":"313.0"},{"v":484,"d":"484.0"},{"v":9388.4,"d":"9,388.4"}]
["Área das UPAs com (500, 1.000] ha","hectare",13,547.1,{"v":682.95,"d":"683.0"},{"v":910,"d":"910.0"},{"v":8878.4,"d":"8,878.4"}]
["Área das UPAs com (1.000, 2.000] ha","hectare",3,{"v":1104,"d":"1,104.0"},{"v":1512.53,"d":"1,512.5"},{"v":1788,"d":"1,788.0"},{"v":4537.6,"d":"4,537.6"}]
["Área das UPAs com (2.000, 5.000] ha","hectare",3,{"v":2904,"d":"2,904.0"},{"v":3485.23,"d":"3,485.2"},{"v":3872,"d":"3,872.0"},{"v":10455.7,"d":"10,455.7"}]
["Área das UPAs com (5.000, 10.000] ha","hectare",1,{"v":9759.8,"d":"9,759.8"},{"v":9759.8,"d":"9,759.8"},{"v":9759.8,"d":"9,759.8"},{"v":9759.8,"d":"9,759.8"}]
["Área das UPAs acima de 10.000 ha","hectare",1,{"v":10799.9,"d":"10,799.9"},{"v":10799.9,"d":"10,799.9"},{"v":10799.9,"d":"10,799.9"},{"v":10799.9,"d":"10,799.9"}]
["Familiares do proprietário que trabalham na UPA","unidade",136,{"v":1,"d":"1.0"},1.1,{"v":4,"d":"4.0"},{"v":150,"d":"150.0"}]
["Trabalhadores permanentes","unidade",58,{"v":1,"d":"1.0"},{"v":3.59,"d":"3.6"},{"v":40,"d":"40.0"},{"v":208,"d":"208.0"}]
["Fonte: Secretaria de Agricultura e Abastecimento, CDRS/IEA, Projeto LUPA."]
[]
["TABELA 311.2 - Explorações Animais, Município de Luiz Antônio, Estado de São Paulo, 2007/08."]
["ITEM","UNIDADE","N.DE UPAs","MÍNIMO","MÉDIO","MÁXIMO","TOTAL"]
["Apicultura","colmeias",1,{"v":30,"d":"30.0"},{"v":30,"d":"30.0"},{"v":30,"d":"30.0"},{"v":30,"d":"30.0"}]
["Asininos E Muares","cabeças",1,{"v":2,"d":"2.0"},{"v":2,"d":"2.0"},{"v":2,"d":"2.0"},{"v":2,"d":"2.0"}]
["Avicultura Ornamental/Decorativa/Exótica","cabeças",2,{"v":20,"d":"20.0"},22.5,{"v":25,"d":"25.0"},{"v":45,"d":"45.0"}]
["Bovinocultura de Corte","cabeças",22,{"v":1,"d":"1.0"},{"v":148.59,"d":"148.6"},{"v":643,"d":"643.0"},{"v":3269,"d":"3,269.0"}]
["Bovinocultura Leiteira","cabeças",9,{"v":1,"d":"1.0"},{"v":5.44,"d":"5.4"},{"v":15,"d":"15.0"},{"v":49,"d":"49.0"}]
["Bovinocultura Mista","cabeças",22,{"v":2,"d":"2.0"},{"v":41.18,"d":"41.2"},{"v":202,"d":"202.0"},{"v":906,"d":"906.0"}]
["Caprinocultura","cabeças",1,{"v":4,"d":"4.0"},{"v":4,"d":"4.0"},{"v":4,"d":"4.0"},{"v":4,"d":"4.0"}]
["Carcinocultura","pós-larvas",1,{"v":50,"d":"50.0"},{"v":50,"d":"50.0"},{"v":50,"d":"50.0"},{"v":50,"d":"50.0"}]
["Equinocultura","cabeças",26,{"v":1,"d":"1.0"},{"v":8.58,"d":"8.6"},{"v":67,"d":"67.0"},{"v":223,"d":"223.0"}]
["Helicicultura","viveiros",2,{"v":1,"d":"1.0"},{"v":2,"d":"2.0"},{"v":3,"d":"3.0"},{"v":4,"d":"4.0"}]
["Ovinocultura","cabeças",7,{"v":20,"d":"20.0"},{"v":57.86,"d":"57.9"},{"v":114,"d":"114.0"},{"v":405,"d":"405.0"}]
["Suinocultura","cabeças",10,{"v":4,"d":"4.0"},{"v":15,"d":"15.0"},{"v":60,"d":"60.0"},{"v":150,"d":"150.0"}]
["Fonte: Secretaria de Agricultura e Abastecimento, CDRS/IEA, Projeto LUPA."]
[]
["TABELA 311.3 -  Máquinas, Implementos e Benfeitorias, Município de Luiz Antônio, Estado de São Paulo, 2007/08."]
["ITEM","UNIDADE","N.DE UPAs","MÍNIMO","MÉDIO","MÁXIMO","TOTAL"]
["Arado Comum (Bacia, Aiveca)","Unidade",11,{"v":1,"d":"1.0"},{"v":1.09,"d":"1.1"},{"v":2,"d":"2.0"},{"v":12,"d":"12.0"}]
["Arado Escarificador","Unidade",9,{"v":1,"d":"1.0"},{"v":1.44,"d":"1.4"},{"v":3,"d":"3.0"},{"v":13,"d":"13.0"}]
["Arado Subsolador","Unidade",6,{"v":1,"d":"1.0"},{"v":1.17,"d":"1.2"},{"v":2,"d":"2.0"},{"v":7,"d":"7.0"}]
["Batedeira de Cereais","Unidade",3,{"v":1,"d":"1.0"},{"v":1,"d":"1.0"},{"v":1,"d":"1.0"},{"v":3,"d":"3.0"}]
["Carregadeira de Cana","Unidade",1,{"v":1,"d":"1.0"},{"v":1,"d":"1.0"},{"v":1,"d":"1.0"},{"v":1,"d":"1.0"}]
["Colhedeira Acoplada","Unidade",4,{"v":1,"d":"1.0"},{"v":1.25,"d":"1.3"},{"v":2,"d":"2.0"},{"v":5,"d":"5.0"}]
["Colhedeira Automotriz","Unidade",2,{"v":1,"d":"1.0"},{"v":2,"d":"2.0"},{"v":3,"d":"3.0"},{"v":4,"d":"4.0"}]
["Conj.Irrigação Autopropelido","Unidade",2,{"v":1,"d":"1.0"},{"v":4,"d":"4.0"},{"v":7,"d":"7.0"},{"v":8,"d":"8.0"}]
["Conj.Irrigação Convencional","Unidade",2,{"v":1,"d":"1.0"},1.5,{"v":2,"d":"2.0"},{"v":3,"d":"3.0"}]
["Conjunto de Fenação","Unidade",1,{"v":2,"d":"2.0"},{"v":2,"d":"2.0"},{"v":2,"d":"2.0"},{"v":2,"d":"2.0"}]
["Desintegrador de Palha (Plantio Direto)","Unidade",2,{"v":1,"d":"1.0"},{"v":1,"d":"1.0"},{"v":1,"d":"1.0"},{"v":2,"d":"2.0"}]
["Desintegrador, Picador, Triturador","Unidade",39,{"v":1,"d":"1.0"},{"v":1.33,"d":"1.3"},{"v":4,"d":"4.0"},{"v":52,"d":"52.0"}]
["Distribuidor de Calcário","Unidade",3,{"v":1,"d":"1.0"},{"v":1.33,"d":"1.3"},{"v":2,"d":"2.0"},{"v":4,"d":"4.0"}]
["Ensiladeira","Unidade",6,{"v":1,"d":"1.0"},{"v":1.67,"d":"1.7"},{"v":3,"d":"3.0"},{"v":10,"d":"10.0"}]
["Grade Aradora (Tipo Romi)","Unidade",9,{"v":1,"d":"1.0"},{"v":1.78,"d":"1.8"},{"v":3,"d":"3.0"},{"v":16,"d":"16.0"}]
["Grade Niveladora","Unidade",12,{"v":1,"d":"1.0"},{"v":1.08,"d":"1.1"},{"v":2,"d":"2.0"},{"v":13,"d":"13.0"}]
["Implementos para Tração Animal","Unidade",2,{"v":1,"d":"1.0"},2.5,{"v":4,"d":"4.0"},{"v":5,"d":"5.0"}]
["Microtrator","Unidade",1,{"v":1,"d":"1.0"},{"v":1,"d":"1.0"},{"v":1,"d":"1.0"},{"v":1,"d":"1.0"}]
["Misturador de Ração","Unidade",2,{"v":1,"d":"1.0"},{"v":1,"d":"1.0"},{"v":1,"d":"1.0"},{"v":2,"d":"2.0"}]
["Ordenhadeira Mecânica","Unidade",1,{"v":1,"d":"1.0"},{"v":1,"d":"1.0"},{"v":1,"d":"1.0"},{"v":1,"d":"1.0"}]
["Pulverizador Tratorizado","Unidade",12,{"v":1,"d":"1.0"},2.5,{"v":15,"d":"15.0"},{"v":30,"d":"30.0"}]
["Resfriador de Leite, Tanque Expansão","Unidade",9,{"v":1,"d":"1.0"},{"v":1,"d":"1.0"},{"v":1,"d":"1.0"},{"v":9,"d":"9.0"}]
["Semeadeira/Adubadeira para Plantio Convencional","Unidade",10,{"v":1,"d":"1.0"},{"v":1,"d":"1.0"},{"v":1,"d":"1.0"},{"v":10,"d":"10.0"}]
["Semeadeira/Plantadeira Plantio Direto","Unidade",5,{"v":1,"d":"1.0"},1.6,{"v":2,"d":"2.0"},{"v":8,"d":"8.0"}]
["Terraceador","Unidade",1,{"v":1,"d":"1.0"},{"v":1,"d":"1.0"},{"v":1,"d":"1.0"},{"v":1,"d":"1.0"}]
["Trator de Esteiras","Unidade",2,{"v":1,"d":"1.0"},2.5,{"v":4,"d":"4.0"},{"v":5,"d":"5.0"}]
["Trator de Pneus","Unidade",40,{"v":1,"d":"1.0"},{"v":3.03,"d":"3.0"},{"v":20,"d":"20.0"},{"v":121,"d":"121.0"}]
["Açude/Represa","Unidade",14,{"v":1,"d":"1.0"},{"v":1.86,"d":"1.9"},{"v":6,"d":"6.0"},{"v":26,"d":"26.0"}]
["Almoxarifado/Oficina","Unidade",21,{"v":1,"d":"1.0"},{"v":1.05,"d":"1.1"},{"v":2,"d":"2.0"},{"v":22,"d":"22.0"}]
["Armazém para Grãos Ensacados","Sacas",12,{"v":1,"d":"1.0"},{"v":309.17,"d":"309.2"},{"v":1500,"d":"1,500.0"},{"v":3710,"d":"3,710.0"}]
["Balança para Bovinos","Unidade",3,{"v":1,"d":"1.0"},{"v":1,"d":"1.0"},{"v":1,"d":"1.0"},{"v":3,"d":"3.0"}]
["Balança para Veículos","Unidade",2,{"v":1,"d":"1.0"},{"v":1,"d":"1.0"},{"v":1,"d":"1.0"},{"v":2,"d":"2.0"}]
["Barracão para Granja/Avicultura","Unidade",4,{"v":1,"d":"1.0"},{"v":1,"d":"1.0"},{"v":1,"d":"1.0"},{"v":4,"d":"4.0"}]
["Barracão/Galpão/Garagem","Unidade",33,{"v":1,"d":"1.0"},{"v":1.27,"d":"1.3"},{"v":4,"d":"4.0"},{"v":42,"d":"42.0"}]
["Casa de Moradia Habitada","Unidade",59,{"v":1,"d":"1.0"},{"v":2.56,"d":"2.6"},{"v":12,"d":"12.0"},{"v":151,"d":"151.0"}]
["Casa de Moradia Total","Unidade",70,{"v":1,"d":"1.0"},{"v":3.83,"d":"3.8"},{"v":19,"d":"19.0"},{"v":268,"d":"268.0"}]
["Curral/Mangueira","Unidade",45,{"v":1,"d":"1.0"},{"v":1.18,"d":"1.2"},{"v":3,"d":"3.0"},{"v":53,"d":"53.0"}]
["Depósito/Tulha","Unidade",27,{"v":1,"d":"1.0"},{"v":1.11,"d":"1.1"},{"v":3,"d":"3.0"},{"v":30,"d":"30.0"}]
["Estábulo","Unidade",18,{"v":1,"d":"1.0"},{"v":1.06,"d":"1.1"},{"v":2,"d":"2.0"},{"v":19,"d":"19.0"}]
["Instalações para Equinos","Unidade",4,{"v":1,"d":"1.0"},{"v":1.75,"d":"1.8"},{"v":3,"d":"3.0"},{"v":7,"d":"7.0"}]
["Máquina de Benefício","Unidade",3,{"v":1,"d":"1.0"},{"v":1,"d":"1.0"},{"v":1,"d":"1.0"},{"v":3,"d":"3.0"}]
["Pocilga","Unidade",13,{"v":1,"d":"1.0"},{"v":1,"d":"1.0"},{"v":1,"d":"1.0"},{"v":13,"d":"13.0"}]
["Poço Semi-Artesiano","Unidade",34,{"v":1,"d":"1.0"},{"v":1.09,"d":"1.1"},{"v":4,"d":"4.0"},{"v":37,"d":"37.0"}]
["Posto Meteorológico","Unidade",2,{"v":1,"d":"1.0"},{"v":1,"d":"1.0"},{"v":1,"d":"1.0"},{"v":2,"d":"2.0"}]
["Secador de Grãos","Unidade",3,{"v":1,"d":"1.0"},{"v":1,"d":"1.0"},{"v":1,"d":"1.0"},{"v":3,"d":"3.0"}]
["Silo para Grãos","t",1,{"v":1200,"d":"1,200.0"},{"v":1200,"d":"1,200.0"},{"v":1200,"d":"1,200.0"},{"v":1200,"d":"1,200.0"}]
["Silo para Silagem","t",8,{"v":1,"d":"1.0"},{"v":1.63,"d":"1.6"},{"v":3,"d":"3.0"},{"v":13,"d":"13.0"}]
["Terreiro","m²",8,{"v":1,"d":"1.0"},{"v":1238,"d":"1,238.0"},{"v":6500,"d":"6,500.0"},{"v":9904,"d":"9,904.0"}]
["Usina de Açúcar/destilaria","Unidade",1,{"v":1,"d":"1.0"},{"v":1,"d":"1.0"},{"v":1,"d":"1.0"},{"v":1,"d":"1.0"}]
["Fonte: Secretaria de Agricultura e Abastecimento, CDRS/IEA, Projeto LUPA."]
[]
["TABELA 311.4 - Outras Estatísticas Agrícolas, Município de Luiz Antônio, Estado de São Paulo, 2007/08."]
["ITEM","Número de UPAs",null,"Percentual"]
["Faz Parte de Associação de Produtores",30,null,{"v":21.58273381294964,"d":"21.6"}]
["Faz Parte de Cooperativa de Produtores",44,null,{"v":31.654676258992804,"d":"31.7"}]
["Faz Parte do Sindicato de Produtores",63,null,{"v":45.32374100719424,"d":"45.3"}]
["Não utiliza assistência técnica ",14,null,{"v":10.071942446043165,"d":"10.1"}]
["Utiliza somente assistência técnica governamental ",20,null,{"v":14.388489208633093,"d":"14.4"}]
["Utiliza somente assistência técnica privada ",34,null,{"v":24.46043165467626,"d":"24.5"}]
["Utiliza assistência técnica tanto governamental quanto privada",71,null,{"v":51.07913669064749,"d":"51.1"}]
["Utiliza Crédito Rural",27,null,{"v":19.424460431654676,"d":"19.4"}]
["Utiliza Seguro Rural",3,null,{"v":2.1582733812949644,"d":"2.2"}]
["Utiliza Escrituração Agrícola",125,null,{"v":89.92805755395683,"d":"89.9"}]
["Acessa Internet p/ Fins na Agropecuária",91,null,{"v":65.46762589928058,"d":"65.5"}]
["Utiliza Computador nas Atividades Agropecuárias",33,null,{"v":23.741007194244602,"d":"23.7"}]
["Utiliza Energia Elétrica Para Uso na Atividade Agrícola",115,null,{"v":82.73381294964028,"d":"82.7"}]
["Realiza Análise de Solo, quando necessário",117,null,{"v":84.1726618705036,"d":"84.2"}]
["Utiliza Práticas de Conservação de Solo, quando necessário",125,null,{"v":89.92805755395683,"d":"89.9"}]
["Faz Adubação Mineral, quando necessário",121,null,{"v":87.0503597122302,"d":"87.1"}]
["Faz Adubação Orgânica, quando necessário",108,null,{"v":77.6978417266187,"d":"77.7"}]
["Faz Adubação Verde, quando necessário",86,null,{"v":61.8705035971223,"d":"61.9"}]
["Utiliza Manejo Integrado de Pragas (MIP)",95,null,{"v":68.34532374100719,"d":"68.3"}]
["Utiliza Hidroponia",2,null,{"v":1.4388489208633095,"d":"1.4"}]
["Utiliza Plasticultura","-",null,"-"]
["Utiliza Mudas Fiscalizadas",93,null,{"v":66.90647482014388,"d":"66.9"}]
["Utiliza Semente Melhorada",94,null,{"v":67.62589928057554,"d":"67.6"}]
["Faz Confinamento de Bovinos",1,null,{"v":0.7194244604316548,"d":"0.7"}]
["Utiliza Pastejo Intensivo",14,null,{"v":10.071942446043165,"d":"10.1"}]
["Faz Inseminação Artificial",3,null,{"v":2.1582733812949644,"d":"2.2"}]
["Faz Mineralização do Rebanho",34,null,{"v":24.460431654676256,"d":"24.5"}]
["Faz Vermifugação do Rebanho",35,null,{"v":25.179856115107913,"d":"25.2"}]
["Possui Parceiros /Arrendatários na Exploração Animal",69,null,{"v":49.64028776978417,"d":"49.6"}]
["Esporte e lazer",1,null,{"v":0.7194244604316548,"d":"0.7"}]
["Extração mineral","-",null,"-"]
["Hotel Fazenda, Pousada ou SPA","-",null,"-"]
["Pesque-pague","-",null,"-"]
["Restaurante ou Lanchonete",2,null,{"v":1.4388489208633095,"d":"1.4"}]
["Transformação artesanal","-",null,"-"]
["Turismo rural ou ecoturismo","-",null,"-"]
["Outras atividades econômicas rurais","-",null,"-"]
["Agroindústria","-",null,"-"]
["Proprietário sem instrução ou com instrução incompleta",6,null,{"v":4.316546762589929,"d":"4.3"}]
["Proprietário com antigo primário completo",29,null,{"v":20.863309352517984,"d":"20.9"}]
["Proprietário com 1° grau (ou antigo ginasial) completo",10,null,{"v":7.194244604316547,"d":"7.2"}]
["Proprietário com 2° grau (ou antigo colegial) completo",29,null,{"v":20.863309352517984,"d":"20.9"}]
["Proprietário com curso superior completo ",50,null,{"v":35.97122302158274,"d":"36.0"}]
["Pessoa Jurídica",15,null,{"v":10.79136690647482,"d":"10.8"}]
["Proprietário residente na própria UPA ",16,null,{"v":11.510791366906476,"d":"11.5"}]
["Fonte: Secretaria de Agricultura e Abastecimento, CDRS/IEA, Projeto LUPA."]
[]
["TABELA 311.5 - Área Cultivada, Município de Luiz Antônio, Estado de São Paulo, 2007/08."]
["CULTURA","N.DE UPAs","MÍNIMO","MÉDIO","MÁXIMO","TOTAL"]
["Cana-de-acucar",104,0.5,{"v":280.53,"d":"280.5"},{"v":7424,"d":"7,424.0"},{"v":29174.83,"d":"29,174.8"}]
["Eucalipto",11,0.7,{"v":409.94,"d":"409.9"},{"v":1324.2,"d":"1,324.2"},{"v":4509.3,"d":"4,509.3"}]
["Braquiaria",44,0.3,{"v":59.83,"d":"59.8"},{"v":400,"d":"400.0"},{"v":2632.7,"d":"2,632.7"}]
["Laranja",5,0.2,{"v":511.82,"d":"511.8"},{"v":1748,"d":"1,748.0"},{"v":2559.1,"d":"2,559.1"}]
["Pinus",2,2.4,238.7,{"v":475,"d":"475.0"},477.4]
["Gramas",7,{"v":1,"d":"1.0"},16.6,87.5,116.2]
["Milho",9,0.3,{"v":12.04,"d":"12.0"},48.6,108.4]
["Cafe",5,0.3,{"v":16.66,"d":"16.7"},40.8,83.3]
["Outras gramineas para pastagem",4,4.8,{"v":16.65,"d":"16.7"},{"v":50,"d":"50.0"},66.6]
["Abacate",2,12.1,{"v":30.25,"d":"30.3"},48.4,60.5]
["Capim-napier (ou capim-elefante)",2,{"v":2,"d":"2.0"},8.7,15.4,17.4]
["Maracuja",1,2.4,2.4,2.4,2.4]
["Feijao",2,0.2,{"v":1.15,"d":"1.2"},2.1,2.3]
["Mandioca",1,{"v":1,"d":"1.0"},{"v":1,"d":"1.0"},{"v":1,"d":"1.0"},{"v":1,"d":"1.0"}]
["Fonte: Secretaria de Agricultura e Abastecimento, CDRS/IEA, Projeto LUPA."]